Educational administration : leading with mind and heart / (Record no. 35172)
[ view plain ]
| 000 -LEADER | |
|---|---|
| fixed length control field | 01126nam a22003251a 4500 |
| 001 - CONTROL NUMBER | |
| control field | 2618969 |
| 005 - DATE AND TIME OF LATEST TRANSACTION | |
| control field | 20170715020003.0 |
| 008 - FIXED-LENGTH DATA ELEMENTS--GENERAL INFORMATION | |
| fixed length control field | 980813s1999 paua b 001 0 eng d |
| 010 ## - LIBRARY OF CONGRESS CONTROL NUMBER | |
| LC control number | 98087591 |
| 020 ## - INTERNATIONAL STANDARD BOOK NUMBER | |
| International Standard Book Number | 1566767016 |
| 035 ## - SYSTEM CONTROL NUMBER | |
| System control number | (OCoLC)40584411 |
| 040 ## - CATALOGING SOURCE | |
| Original cataloging agency | OCoLC-P |
| Transcribing agency | OCoLC-P |
| Modifying agency | DLC |
| 042 ## - AUTHENTICATION CODE | |
| Authentication code | lccopycat |
| 050 00 - LIBRARY OF CONGRESS CALL NUMBER | |
| Classification number | LB2805 |
| Item number | .P288 1999 |
| 082 00 - DEWEY DECIMAL CLASSIFICATION NUMBER | |
| Classification number | LB 2805.P288 |
| Edition number | 21 |
| 100 1# - MAIN ENTRY--PERSONAL NAME | |
| Personal name | Palestini, Robert H. |
| 245 10 - TITLE STATEMENT | |
| Title | Educational administration : leading with mind and heart / |
| Statement of responsibility, etc | Robert H. Palestini. |
| Medium | [Text] |
| 260 ## - PUBLICATION, DISTRIBUTION, ETC. (IMPRINT) | |
| Place of publication, distribution, etc | Lancaster, Pa. |
| Name of publisher, distributor, etc | Technomic Pub. Co. |
| Date of publication, distribution, etc | c1999 |
| 300 ## - PHYSICAL DESCRIPTION | |
| Extent | xiv, 288 p. : ill. ; 24 cm. |
| 504 ## - BIBLIOGRAPHY, ETC. NOTE | |
| Bibliography, etc | Includes bibliographical references and index. |
| 650 #0 - SUBJECT ADDED ENTRY--TOPICAL TERM | |
| Topical term or geographic name as entry element | School management and organization. |
| 650 #0 - SUBJECT ADDED ENTRY--TOPICAL TERM | |
| Topical term or geographic name as entry element | Educational leadership |
| 906 ## - LOCAL DATA ELEMENT F, LDF (RLIN) | |
| a | 7 |
| b | cbc |
| c | copycat |
| d | 2 |
| e | opcn |
| f | 19 |
| g | y-gencatlg |
| 920 ## - | |
| -- | ** LC HAS REQ'D # OF SHELF COPIES ** |
| 922 ## - | |
| -- | co |
| 991 ## - | |
| -- | c-GenColl |
| -- | LB2805 |
| -- | .P288 1999 |
| -- | Copy 1 |
| -- | BOOKS |
| 942 00 - ADDED ENTRY ELEMENTS (KOHA) | |
| Koha issues (borrowed), all copies | 86 |
| Withdrawn status | Lost status | Source of classification or shelving scheme | Damaged status | Not for loan | Collection code | Home library | Current library | Shelving location | Date acquired | Cost, normal purchase price | Total Checkouts | Total Renewals | Full call number | Barcode | Date last seen | Date checked out | Copy number | Price effective from | Koha item type |
|---|---|---|---|---|---|---|---|---|---|---|---|---|---|---|---|---|---|---|---|
| Library of Congress Classification | General Circulation | AIU/NEGST - Tony Wilmot Memorial Library | AIU/NEGST - Tony Wilmot Memorial Library | General Stacks | 01/12/2010 | 38.50 | 48 | 16 | LB 2805.P288 2002 | R24824Y3232 | 02/01/2025 | 01/14/2025 | 1 | 01/12/2010 | Books | ||||
| Library of Congress Classification | General Circulation | AIU/NEGST - Tony Wilmot Memorial Library | AIU/NEGST - Tony Wilmot Memorial Library | General Stacks | 01/12/2010 | 38.50 | 48 | 7 | LB 2805.P288 2002 | R56745P3232 | 12/02/2025 | 11/13/2025 | 2 | 01/12/2010 | Books | ||||
| Library of Congress Classification | General Circulation | AIU/NEGST - Tony Wilmot Memorial Library | AIU/NEGST - Tony Wilmot Memorial Library | General Stacks | 01/12/2010 | 38.50 | 61 | 10 | LB 2805.P288 2005 | R25531P3232 | 03/23/2022 | 03/07/2022 | 3 | 01/12/2010 | Books |
